000 00577nmm a2200169Ia 4500
008 251105s9999||||xx |||||||||||||||||und||
020 _a9788499402116
041 _aspa
100 _aQuirosa-Cheyrouze Muñoz, Rafael
245 0 _aLa sociedad española en la Transición :
_b Los movimientos sociales en el proceso democratizador
264 _a[Madrid, España] :
_bBiblioteca Nueva,
_c2011
300 _a448 páginas
490 _aHistoria Biblioteca Nueva
650 _aHistory of Europe: Spain
856 _uhttps://public.digitaliapublishing.com/a/14662
942 _cCF
999 _c92627
_d92627